000 00447nam a2200145Ia 4500
003 GCL
008 140319s9999 xx 000 0 ara d
040 _aGCL /
_cGCL
082 0 4 _a623.82
_bر ه
100 1 _aربيع عبد الله الملط
245 1 0 _aهندسة بناء السفن, ط3 /
_cربيع عبد الله الملط
260 _a[S.N] :
_bمنشاة المعارف الاسلامية ،
_c1993
300 _a329 ص
490 _a
999 _c35084
_d35084